| 000 | 00381nam a22001337a 4500 | ||
|---|---|---|---|
| 999 |
_c13654 _d13654 |
||
| 020 | _a0 19 577592 9 | ||
| 082 |
_a954.9 _bZAH |
||
| 100 | _aHasan Zaheer | ||
| 245 |
_aThe Separation of East Pakistan _bThe Rise and realization of Bengali Muslim Nationalism |
||
| 260 |
_aKarachi _bOxford University Press _c1995 |
||
| 300 | _aXXXI, 511 Pages | ||
| 650 | _aEast Pakistan | ||
| 942 | _cBK | ||